[Event "FRA-chT Top 12 2019"]
[Site "Brest"]
[Date "2019.05.24"]
[Round "7.1"]
[White "Velten, Paul"]
[Black "Solodovnichenko, Yuri"]
[Result "0-1"]
[WhiteElo "2507"]
[BlackElo "2572"]
[Annotator "TA"]
[PlyCount "154"]
[EventDate "2019.05.18"]
[EventType "team-tourn"]
[EventCountry "FRA"]
[SourceTitle "playchess.com"]
[Source "ChessBase"]
[SourceQuality "1"]

{[%evp 22,154,9,9,14,7,17,0,14,8,12,8,20,21,21,13,7,4,0,-1,21,16,66,17,23,8,12,8,4,12,32,15,22,17,54,0,9,0,32,0,-5,-5,-8,-26,0,-2,0,-24,-21,-25,-17,-12,-10,-17,-19,-26,-6,-28,0,0,0,0,35,37,50,32,31,30,37,39,45,27,27,9,28,28,34,36,122,107,88,0,0,0,0,0,0,0,0,0,0,0,0,-8,-8,-8,-8,-8,-8,-8,-8,-8,-8,-8,-8,-8,-8,-8,-8,-8,-8,-8,-8,-8,-8,-8,-8,-8,-8,-8,-8,-8,-8,-8,-8,-8,-8,-8,-8,-29979,-29980,-29981,-29982,-29982,-29983]} 1. d4 d5 2. c4 c6 3. e3 Bf5 4. Nc3 e6 5. Nf3 Nd7 6. Bd3 Bxd3 7. Qxd3 Ngf6 8. O-O Be7 9. Rd1 (9. e4 Nxe4 10. Nxe4 dxe4 11. Qxe4 O-O {½-½ (12) Morozevich,A (2711)-Dubov,D (2661) Berlin 2015}) 9... O-O 10. e4 dxe4 11. Nxe4 Nxe4 12. Qxe4 Re8 {D12: Slav Defence: 3 Nf3 Nf6 4 e3 Bf5} 13. Be3 Qa5 {[#]} 14. Bd2 $146 ({Predecessor:} 14. a3 Qa4 15. Rac1 Rad8 16. h3 Nb6 17. Qb1 h6 18. Qa2 Bf6 19. b3 Qa5 20. a4 {½-½ (52) Byrne,R (2530)-Sigurjonsson,G (2475) Reykjavik 1980}) 14... Qa6 {The position is equal.} 15. Qc2 Bf6 16. Bg5 Rad8 17. Bxf6 Nxf6 18. b3 Qa5 19. Rd2 Qf5 20. Re1 Qf4 21. Re3 Re7 22. g3 (22. d5 $5) 22... Qc7 23. Kg2 Red7 24. Red3 Rd6 25. Rd1 Qa5 26. Qe2 h6 27. h3 Qf5 28. Re3 Qa5 29. Red3 (29. Rb1 {is interesting.} Nh7 30. c5 Rd5 31. b4 Qc7 32. b5) 29... a6 30. Qe1 (30. c5 {feels hotter.} Rd5 31. Ne5 Qc7 32. Qf3 Qa5 33. a4) 30... Qxe1 31. Nxe1 g5 32. Kf3 R6d7 33. Ke3 Ne8 34. Nc2 Nd6 35. c5 Nb5 36. a4 Nc7 37. Ke2 Nd5 38. Ne3 f6 39. Kf3 e5 40. Nf5 Nb4 41. R3d2 exd4 42. Rxd4 Rxd4 43. Rxd4 Rxd4 44. Nxd4 $11 {[%mdl 4096] Endgame KN-KN} Nd3 45. Ne6 Nc1 46. Ke3 Nxb3 47. Kd3 Kf7 48. Nd8+ {[%mdl 64] [#] Double Attack} Ke7 49. Nxb7 f5 (49... Kd7 $14) 50. Kc3 $16 Nc1 {[#]} 51. Kd4 (51. Na5 $1 $16) 51... f4 $11 52. gxf4 Ne2+ 53. Ke4 $1 Nxf4 54. h4 Ne6 55. hxg5 Nxg5+ 56. Kf5 Ne6 57. Na5 Nxc5 {Hoping for ...Kd6.} 58. Nxc6+ Kd6 59. Na5 Nd3 60. f3 Kc5 61. Kg6 Ne5+ 62. Kxh6 Nxf3 63. Kg6 Nd2 64. Nb7+ $1 Kb4 (64... Kc6 $5 65. Nd8+ $8 Kd7 $11) 65. Kf5 Nb3 66. Ke4 Kxa4 67. Kd3 Kb4 68. Kc2 Nd4+ 69. Kb2 Nf5 70. Ka2 Ne7 71. Kb2 Nc6 72. Ka2 Ne5 {...Nf7 is the strong threat.} 73. Kb2 Nf7 {White must now prevent ...Kb5.} 74. Ka2 Kb5 {Threatens to win with ...Kb6.} 75. Kb3 $2 {[%mdl 8192]} (75. Kb1 $11 Kb6 76. Ka2 Kxb7 77. Ka3 a5 78. Ka4 Ka6 79. Ka3 Nd6 80. Kb3 Kb5 81. Kc2 a4 82. Kd3 Kb4 83. Kc2 Nc4 84. Kb1 a3 85. Ka1 Kb3 86. Kb1 Ne3 87. Kc1 a2 88. Kd2 Nc4+ 89. Ke1 a1=Q+ 90. Kf2 Qf6+ 91. Kg2 Ne3+ 92. Kg3 Kc3 93. Kh2 Qf3 94. Kg1 Qg2#) 75... Kb6 {Black mates.} 76. Nc5 Kxc5 77. Ka4 Kb6 {Accuracy: White = 57%, Black = 53%.} 0-1

[Event "FRA-chT Top 12 2019"]
[Site "Brest"]
[Date "2019.05.24"]
[Round "7.2"]
[White "Bacrot, Etienne"]
[Black "Gukesh D"]
[Result "1/2-1/2"]
[WhiteElo "2678"]
[BlackElo "2533"]
[Annotator "TA"]
[PlyCount "40"]
[EventDate "2019.05.18"]
[EventType "team-tourn"]
[EventCountry "FRA"]
[SourceTitle "playchess.com"]
[Source "ChessBase"]
[SourceQuality "1"]

{[%evp 15,40,20,11,8,33,-14,-10,-23,-16,-24,-24,-35,-33,-32,-30,-36,-7,-14,27,17,45,0,0,0,0,-14,-10]} 1. c4 ({Predecessor:} 1. Nf3 Nf6 2. c4 e6 3. g3 d5 4. Bg2 c6 5. O-O Bd6 6. b3 O-O {½-½ (27) Wagner,J (2137)-Askerov,I (1781) Germany 2017}) 1... c6 2. Nf3 Nf6 3. b3 d5 4. Bb2 e6 5. g3 Bd6 6. Bg2 O-O 7. O-O Nbd7 8. Nc3 e5 9. cxd5 {A13: English Opening: 1...e6} cxd5 $146 (9... Nxd5 10. Ne4 Bc7 11. d3 Re8 12. Ned2 Nf8 13. a3 Ng6 14. Qc2 h6 15. e4 Nf6 16. b4 Bg4 {0-1 (34) Bruno,F (2435)-Lacina,A (2206) Marianske Lazne 2016}) 10. Nb5 Bb8 $1 11. Ba3 Re8 12. Nd6 Bxd6 $1 13. Bxd6 Qb6 14. Ba3 e4 15. Ne1 Ne5 16. d4 exd3 17. Nxd3 Bg4 {[#] ...Nxd3 is the strong threat.} 18. Nf4 (18. Bc5 $5 {[%cal Rc5b6]} Qc6 19. Be3 $14) 18... d4 {The position is equal.} 19. Re1 Rad8 {Hoping for ...d3!} 20. Qd2 Bf5 1/2-1/2

[Event "FRA-chT Top 12 2019"]
[Site "Brest"]
[Date "2019.05.24"]
[Round "7.2"]
[White "Lagarde, Maxime"]
[Black "Wirig, Anthony"]
[Result "1/2-1/2"]
[WhiteElo "2600"]
[BlackElo "2516"]
[Annotator "TA"]
[PlyCount "89"]
[EventDate "2019.05.18"]
[EventType "team-tourn"]
[EventCountry "FRA"]
[SourceTitle "playchess.com"]
[Source "ChessBase"]
[SourceQuality "1"]

{[%evp 15,89,17,8,-33,0,-4,-2,-6,8,10,11,9,11,11,12,7,16,8,31,28,68,46,140,140,159,146,110,91,227,202,197,190,199,191,184,185,169,125,108,106,120,128,119,100,103,65,77,79,90,80,74,73,116,13,16,16,14,-214,-228,-207,0,0,0,0,0,0,0,0,0,0,0,0,0,-124,-112,-128]} 1. e4 c5 2. Nf3 e6 3. d4 cxd4 4. Nxd4 Nc6 5. Nc3 d6 6. Bc4 Nf6 7. Bb3 a6 8. Be3 Na5 9. g4 {B88: Sicilian: Sozin Attack} (9. f4 Qc7 10. g4 Nc4 11. Qe2 Nxb2 12. Bd2 Qc5 13. Nf5 exf5 14. exf5+ Be7 15. Rb1 O-O 16. Rxb2 Re8 17. Kd1 Bf8 {½-½ (41) Morozevich,A (2656)-Firouzja,A (2607) St Petersburg 2018}) 9... d5 $146 ({Predecessor:} 9... h6 10. g5 hxg5 11. Bxg5 Rh3 12. Qe2 Bd7 13. f4 Qc7 14. O-O-O Be7 15. Kb1 O-O-O 16. Rd3 Rdh8 {1-0 (27) Marholev,D (2348)-Drenchev,P (2487) Kozloduy 2014}) 10. e5 Nd7 11. f4 {The position is equal.} Nb6 12. Qf3 Nbc4 13. O-O-O Qc7 14. Bf2 $36 {[%mdl 2048] White has some pressure.} Bd7 15. Kb1 Bb4 16. Be1 {And now Nxd5 would win.} Be7 17. Bg3 O-O 18. f5 Nxb3 (18... Qd8 $14) 19. axb3 $16 Nxe5 20. Qf4 Bd6 21. f6 Bc6 (21... Qd8 $16) 22. Rhe1 gxf6 23. Qxf6 Nd7 24. Qh6 $1 Bxg3 25. hxg3 Rfe8 26. Rh1 ({Don't take} 26. Nxc6 $6 bxc6 27. Rh1 Nf8 $14) 26... Nf8 27. Rh5 f6 28. Qxf6 {Threatens to win with Rg5+.} Qg7 29. Qh4 Re7 30. Nce2 Be8 $1 {[%cal Re8h5]} 31. Rg5 Bg6 {[#] Black wants to play ...h6.} 32. Nf4 $1 Rae8 33. Nh5 Qf7 34. Rh1 (34. Nf5 $16 {Black must now prevent Nh6+.} exf5 35. gxf5 {[%mdl 64] Pin}) 34... Qf2 $11 35. Nf5 exf5 36. Nf6+ $2 (36. gxf5 $11 {and White is okay.} Re1+ 37. Ka2 Rxh1 38. Qxh1) 36... Kf7 $19 37. Nxe8 Re1+ $2 ({But not} 37... Rxe8 38. gxf5 Bxf5 39. Ka2) (37... Kxe8 $19 38. gxf5 Bxf5) 38. Ka2 $11 Kxe8 39. gxf5 Rxh1 40. Qxh1 Bf7 41. g4 Qxc2 42. Rg7 Qd2 $1 43. g5 Qf4 44. f6 {[#]} (44. Qh3 $11 {keeps the balance.}) 44... Qd2 $1 $17 {[%cal Rd2a5] Hoping for ...Qa5+.} 45. Qh3 {Accuracy: White = 68%, Black = 57%.} 1/2-1/2

[Event "FRA-chT Top 12 2019"]
[Site "Brest"]
[Date "2019.05.24"]
[Round "7.2"]
[White "Donchenko, Alexander"]
[Black "Marcelin, Cyril"]
[Result "1-0"]
[WhiteElo "2595"]
[BlackElo "2451"]
[Annotator "TA"]
[PlyCount "143"]
[EventDate "2019.05.18"]
[EventType "team-tourn"]
[EventCountry "FRA"]
[SourceTitle "playchess.com"]
[Source "ChessBase"]
[SourceQuality "1"]

{[%evp 16,143,57,61,53,63,102,80,80,35,34,23,40,41,59,47,53,39,64,13,5,12,11,11,11,6,17,11,14,0,12,14,13,14,87,70,68,78,100,82,75,100,75,98,223,216,176,0,0,0,95,85,95,95,95,97,152,154,152,151,194,184,212,184,212,200,290,276,380,380,380,380,394,380,380,0,380,302,360,313,380,326,302,0,380,212,380,380,368,342,302,302,316,316,410,376,1302,1120,863,845,774,744,29977,29978,29978,29979,29979,29977,29977,29978,29978,29978,29978,29979,29979,29978,29979,29980,29980,29981,29981,29982,29982,29983,29983,29984,29984,29985,29985,29986]} 1. c4 e6 2. g3 d5 3. Bg2 dxc4 4. Qa4+ Nd7 5. Qxc4 a6 6. Qc2 Ngf6 7. Nf3 Bd6 8. O-O O-O 9. d4 c5 {A13: English Opening: 1...e6} 10. Rd1 Qc7 11. dxc5 (11. Nc3 cxd4 12. Nxd4 Rb8 13. a4 Re8 14. Bd2 Bc5 15. Be1 e5 16. Nb3 {½-½ (26) Leitao,R (2628)-Mekhitarian,K (2572) Belem 2015}) 11... Bxc5 {White is better.} 12. Nd4 $146 ({Predecessor:} 12. Be3 Qb6 13. Bxc5 Nxc5 14. Nc3 Bd7 15. Ne5 Qc7 16. Nxd7 Ncxd7 17. Rac1 {½-½ (60) Pogromsky,M (2416)-Moskalenko,A (2522) Sochi 2017}) 12... Qb6 13. e3 Ne5 14. Nb3 Be7 15. Bd2 a5 16. Bc3 a4 17. Nd4 (17. Bd4 $14 Qb4 18. Nc5) 17... Bd7 $11 18. Nf5 exf5 19. Bxe5 Qe6 20. Bd4 $36 {[%mdl 2048] Black is under pressure.} Rfc8 21. Nc3 Bc6 22. Qe2 Bxg2 23. Kxg2 a3 24. Kg1 Qc4 (24... axb2 $11 25. Qxb2 b6) 25. Qxc4 $16 Rxc4 26. Rab1 Rac8 27. bxa3 Rxc3 28. Bxc3 Rxc3 29. Rxb7 Kf8 (29... Bf8 $16) 30. Rb8+ $18 Ne8 31. Rd7 $2 (31. a4 $18) 31... Rxa3 $11 32. Rbb7 Bf6 (32... Nd6 $1 $11 {keeps the balance.} 33. Rbc7 (33. Rxe7 Nxb7 34. Rxb7 Rxa2 $11) 33... Ne8) 33. Rxf7+ $16 Kg8 34. Ra7 {Strongly threatening Rxg7+!} Rxa2 {[#]} 35. Rxg7+ $1 {[%mdl 512]} Nxg7 ({Black should play} 35... Bxg7 36. Rxa2 Kf7 37. Ra7+ Kf6 38. Ra6+ Ke7 39. Ra7+ Kf6) 36. Rxa2 Kf7 37. Ra6 Kg6 38. Kg2 h5 39. h3 Kf7 40. f4 Ne8 (40... Bd8 {was worth a try.} 41. Kf3 Ne6) 41. Kf3 $1 $18 Be7 42. e4 $1 fxe4+ 43. Kxe4 Bf6 44. Rc6 Be7 45. Ra6 Bf6 $1 46. Rb6 Be7 47. Rc6 Bd8 48. Kf5 Bf6 {[#]} 49. Ke4 $2 (49. Rb6 $1 $18) 49... Bd8 $2 {[%mdl 8192]} (49... Be7 $11 {and Black is okay.} 50. g4 hxg4 51. hxg4 Nd6+ 52. Kd5 Nb5) 50. Ke5 (50. g4 $142) 50... Bf6+ $2 {[#]} (50... Bc7+ {was called for.} 51. Ke4 Bb8) 51. Kf5 $1 Ng7+ 52. Ke4 Ne6 53. Kd5 Nf8 54. g4 hxg4 55. hxg4 Be7 $2 (55... Nh7 56. Ke4 Be7) 56. g5 Bd8 57. Ra6 Be7 58. Ra7 {f5 is the strong threat.} Ng6 59. f5 {White mates.} Kg8 60. fxg6 Bxg5 {[%mdl 4096] Endgame KR-KB} 61. Ke6 Be3 62. Rd7 Bc1 63. Rb7 Bd2 64. Rc7 Be3 65. Rc4 Kg7 66. Kf5 Bb6 67. Rb4 Ba5 68. Rb7+ Kg8 69. g7 Kh7 70. Kf6 Bc3+ 71. Kf7 Bxg7 72. Rb1 {Accuracy: White = 74%, Black = 48%.} 1-0

[Event "FRA-chT Top 12 2019"]
[Site "Brest"]
[Date "2019.05.24"]
[Round "7.2"]
[White "Smith, Axel"]
[Black "Movsesian, Sergei"]
[Result "1/2-1/2"]
[WhiteElo "2481"]
[BlackElo "2645"]
[Annotator "TA"]
[PlyCount "38"]
[EventDate "2019.05.18"]
[EventType "team-tourn"]
[EventCountry "FRA"]
[SourceTitle "playchess.com"]
[Source "ChessBase"]
[SourceQuality "1"]

{[%evp 10,38,18,7,16,0,8,0,0,0,0,0,10,10,23,21,21,21,21,22,22,23,15,17,50,17,19,19,13,0,3]} 1. Nf3 ({Predecessor:} 1. d4 Nf6 2. c4 e6 3. Nf3 {1-0 (30) Moranda,W (2593)-Movsesian,S (2629) chess.com INT 2019}) 1... d5 2. d4 Nf6 3. c4 e6 4. Nc3 Bb4 5. Qb3 c5 6. dxc5 Na6 {[%cal Bb8a6,Ba6c5,Bc5e4][%mdl 32] D38: Queen's Gambit Declined: Ragozin Defence (4 Nf3 Bb4)} 7. a3 Bxc3+ 8. Qxc3 Nxc5 9. cxd5 Qxd5 10. Be3 {[#] And now Rd1 would win.} Nce4 11. Qe5 $146 (11. Qb4 a5 12. Qd4 O-O 13. Ne5 a4 14. Nd3 {0-1 (57) Navara,D (2739)-Vidit,S (2711) Prague 2019}) 11... Qxe5 12. Nxe5 Nd5 13. Bc1 Nc5 14. b4 $36 {[%mdl 2048] White fights for an advantage.} Nb3 15. Rb1 Nxc1 16. Rxc1 Nb6 17. e4 f6 {The position is equal.} 18. Nc4 Nxc4 19. Bxc4 Bd7 {Accuracy: White = 87%, Black = 66%.} 1/2-1/2

[Event "FRA-chT Top 12 2019"]
[Site "Brest"]
[Date "2019.05.24"]
[Round "7.2"]
[White "Miezis, Normunds"]
[Black "Van Foreest, Jorden"]
[Result "1-0"]
[WhiteElo "2456"]
[BlackElo "2601"]
[Annotator "TA"]
[PlyCount "87"]
[EventDate "2019.05.18"]
[EventType "team-tourn"]
[EventCountry "FRA"]
[SourceTitle "playchess.com"]
[Source "ChessBase"]
[SourceQuality "1"]

{[%evp 11,87,7,11,23,24,16,25,7,0,0,0,7,8,0,0,0,0,0,0,0,0,0,0,0,0,0,0,0,0,0,0,-8,-29,-46,-43,-52,-28,-62,-16,-40,0,-37,-27,-35,-31,-54,-48,-43,-17,-76,-72,-76,38,29,28,27,29,37,35,0,0,0,2,6,18,23,137,139,111,0,8,8,8,8,8,8,29969,29970]} 1. c4 g6 2. Nc3 Bg7 3. g3 Nf6 4. Bg2 O-O 5. e4 c5 6. Nge2 d6 7. O-O {A16: English Opening: 1...Nf6 with ...d5} Bg4 (7... Nc6 8. d3 Rb8 9. h3 a6 10. f4 Nd7 11. a4 Nd4 12. Be3 b6 13. Rb1 Bb7 14. Kh2 Bc6 15. Bg1 b5 16. axb5 axb5 17. cxb5 Bxb5 18. b4 Nxe2 19. Nxe2 cxb4 20. Rxb4 {½-½ (55) Karjakin,S (2760)-Onischuk,V (2637) Riadh 2017}) 8. f3 Bd7 9. d3 {White has an edge.} a6 $146 ({Predecessor:} 9... Nc6 10. Be3 Ne8 11. d4 cxd4 12. Nxd4 Nc7 13. Nxc6 bxc6 14. Bd4 Bxd4+ 15. Qxd4 {1-0 (51) Harff,M (2229)-Schnoor,E (1997) playchess.com INT 2012}) 10. Be3 b5 11. Qd2 Nc6 12. h3 Rb8 13. b3 Ne8 {next ...b4 is good for Black.} 14. Bh6 b4 15. Bxg7 Nxg7 16. Nd5 Ne6 17. f4 Ned4 18. Nxd4 Nxd4 {[#]} 19. f5 $1 {[%mdl 512]} Bc6 (19... gxf5 20. exf5) 20. Ne3 f6 21. h4 Rf7 22. Ng4 Rg7 23. Nh6+ Kh8 24. g4 g5 25. hxg5 fxg5 (25... Qf8 $5 {[%cal Rg7g5]} 26. gxf6 exf6 $11) 26. f6 exf6 27. Qf2 Be8 28. Rae1 ({Wrong is} 28. Qxf6 $2 Ne2+ 29. Kh2 Qxf6 $19) 28... Rg6 29. Nf5 Nc6 30. d4 (30. Rd1 $11 {remains equal.}) 30... cxd4 $1 $17 31. Rd1 Qb6 (31... Qc7 $17) 32. Nxd4 $14 Ne5 33. Nf5 Nxg4 34. Qxb6 Rxb6 35. Rxd6 (35. Nxd6 {seems wilder.} Rb8 36. Nf5 Rg8 37. Rd6 Bg6 38. Bh3) 35... Rxd6 36. Nxd6 Bd7 37. Bh3 h5 38. c5 Kg8 (38... Rg7 $11 {keeps the balance.}) 39. Bxg4 $1 $16 hxg4 {[#]} 40. Nf5 (40. Rc1 $1 $16) 40... Kf7 41. Rd1 Bxf5 $1 42. exf5 Rh6 43. c6 {Threatening mate with c7.} Rh3 $2 {[%mdl 8192] [#]} (43... Ke7 $11) 44. c7 $1 {Accuracy: White = 70%, Black = 58%.} 1-0

[Event "FRA-chT Top 12 2019"]
[Site "Brest"]
[Date "2019.05.24"]
[Round "7.2"]
[White "Cramling, Pia"]
[Black "Postny, Evgeny"]
[Result "1/2-1/2"]
[WhiteElo "2454"]
[BlackElo "2603"]
[Annotator "RC"]
[PlyCount "212"]
[EventDate "2019.05.18"]
[EventType "team-tourn"]
[EventCountry "FRA"]
[SourceTitle "playchess.com"]
[Source "ChessBase"]
[SourceQuality "1"]
[TimeControl "40/5400+30:1800+30"]

1. Nf3 {[%emt 0:00:00]} Nf6 {[%emt 0:00:00]} 2. c4 {[%emt 0:00:00]} e6 {[%emt 0:00:00]} 3. g3 {[%emt 0:00:08]} d5 {[%emt 0:00:00]} 4. Bg2 {[%emt 0:00:08]} d4 {[%emt 0:00:10]} 5. O-O {[%emt 0:00:44]} c5 {[%emt 0:00:13]} 6. e3 {[%emt 0:00:25]} Nc6 {[%emt 0:00:09]} 7. d3 {[%emt 0:00:18]} Bd6 {[%emt 0:04:49]} 8. exd4 {[%emt 0:00:50]} cxd4 {[%emt 0:00:05]} 9. Bg5 {[%emt 0:00:32]} O-O {[%emt 0:00:19]} 10. Nbd2 {[%emt 0:00:41]} Be7 {[%emt 0:00:58]} 11. Re1 {[%emt 0:07:13]} h6 {[%emt 0:03:23]} 12. Bxf6 {[%emt 0:00:23]} Bxf6 {[%emt 0:00:06]} 13. a3 {[%emt 0:08:11]} a5 {[%emt 0:01:40]} 14. c5 {[%emt 0:01:40]} b6 {[%emt 0:02:52]} 15. cxb6 {[%emt 0:05:16]} Qxb6 {[%emt 0:00:54]} 16. Nc4 {[%emt 0:01:03]} Qa6 {[%emt 0:00:55]} 17. Rc1 {[%emt 0:10:21]} Rb8 {[%emt 0:05:39]} 18. Qd2 {[%emt 0:03:25]} Bd7 {[%emt 0:04:26]} 19. h4 {[%emt 0:03:05]} Rfd8 {[%emt 0:11:46]} 20. Rc2 {[%emt 0:03:22]} a4 {[%emt 0:06:44]} 21. Qe2 {[%emt 0:11:40]} Be8 {[%emt 0:10:55]} 22. Rec1 {[%emt 0:01:10]} Ne7 {[%emt 0:05:02]} 23. Nfe5 {[%emt 0:10:18]} Nd5 {[%emt 0:02:01]} 24. Ng4 {[%emt 0:02:20]} Be7 {[%emt 0:01:14]} 25. Nce5 {[%emt 0:00:17]} Qb5 {[%emt 0:05:10]} 26. Nc4 {[%emt 0:06:22]} Bf8 {[%emt 0:05:08]} 27. Nd2 {[%emt 0:01:48]} Qa6 {[%emt 0:10:01]} 28. Ne5 {[%emt 0:00:55]} Rb5 {[%emt 0:01:44]} 29. Ndf3 {[%emt 0:02:49]} Qb6 {[%emt 0:01:15]} 30. Nc4 {[%emt 0:01:31]} Qa7 {[%emt 0:02:04]} 31. Nce5 {[%emt 0:01:31]} Rdb8 {[%emt 0:01:13]} 32. Nc4 {[%emt 0:00:13]} Nf6 {[%emt 0:03:49]} 33. Nfe5 {[%emt 0:00:35]} Qa6 {[%emt 0:00:59]} 34. Nf3 {[%emt 0:01:26]} Qa7 {[%emt 0:00:16]} 35. Nfe5 {[%emt 0:00:19]} Rc5 {[%emt 0:03:44]} 36. Nf3 {[%emt 0:01:42]} Rd8 {[%emt 0:02:31]} 37. Nce5 {[%emt 0:01:10]} Rxc2 {[%emt 0:00:07]} 38. Rxc2 {[%emt 0:00:44]} Qb6 {[%emt 0:02:07]} 39. Nd2 {[%emt 0:00:56]} Nd5 {[%emt 0:02:22]} 40. Ndc4 {[%emt 0:03:49]} Qa6 {[%emt 0:01:05]} 41. Nd2 {[%emt 0:35:25]} Ne7 {[%emt 0:04:48]} 42. Ne4 {[%emt 0:00:00]} Qb5 {[%emt 0:03:26]} 43. Nd2 {[%emt 0:00:00]} Rc8 {[%emt 0:03:48]} 44. Rxc8 {[%emt 0:00:00]} Nxc8 {[%emt 0:00:03]} 45. Ndc4 {[%emt 0:00:00]} Nb6 {[%emt 0:05:25]} 46. Qe4 {[%emt 0:00:00]} Nxc4 {[%emt 0:00:35]} 47. Nxc4 {[%emt 0:00:00]} Qc5 {[%emt 0:00:32]} 48. Qe5 {[%emt 0:00:00]} Bb5 {[%emt 0:05:08]} 49. Qxc5 {[%emt 0:00:00]} Bxc5 {[%emt 0:00:04]} 50. Kf1 {[%emt 0:00:00]} f6 {[%emt 0:08:34]} 51. Bf3 {[%emt 0:00:30]} Kf7 {[%emt 0:00:22]} 52. Bd1 {[%emt 0:00:25]} Ke7 {[%emt 0:00:35]} 53. b3 {[%emt 0:00:34]} axb3 {[%emt 0:00:18]} 54. Bxb3 {[%emt 0:00:06]} h5 {[%emt 0:01:58]} 55. f4 {[%emt 0:02:32]} Bc6 {[%emt 0:00:55]} 56. Kf2 {[%emt 0:02:10]} Bd5 {[%emt 0:00:20]} 57. a4 {[%emt 0:00:07]} Bb4 {[%emt 0:01:16]} 58. Ke2 {[%emt 0:02:23]} Bc6 {[%emt 0:01:27]} 59. Nd2 {[%emt 0:01:24]} Kd6 {[%emt 0:00:40]} 60. Ne4+ {[%emt 0:01:31]} Ke7 {[%emt 0:00:05]} 61. Nd2 {[%emt 0:00:16]} Ba5 {[%emt 0:00:19]} 62. Nf3 {[%emt 0:00:31]} Bb6 {[%emt 0:00:28]} 63. Nd2 {[%emt 0:00:53]} Bc7 {[%emt 0:00:19]} 64. Kf2 {[%emt 0:00:17]} Ba5 {[%emt 0:01:05]} 65. Ke2 {[%emt 0:00:18]} Bc7 {[%emt 0:00:25]} 66. Nf3 {[%emt 0:00:52]} Bb6 {[%emt 0:00:08]} 67. Nd2 {[%emt 0:00:14]} Bd7 {[%emt 0:00:23]} 68. Nc4 {[%emt 0:01:47]} Bc5 {[%emt 0:00:17]} 69. Kf2 {[%emt 0:00:09]} Kd8 {[%emt 0:00:35]} 70. Bd1 {[%emt 0:00:21]} Be8 {[%emt 0:00:19]} 71. Bb3 {[%emt 0:00:24]} Kc7 {[%emt 0:00:25]} 72. Nd2 {[%emt 0:00:28]} Bd7 {[%emt 0:00:19]} 73. Bd1 {[%emt 0:00:21]} Bb4 {[%emt 0:00:24]} 74. Nc4 {[%emt 0:00:43]} Be8 {[%emt 0:00:07]} 75. Bf3 {[%emt 0:01:09]} g6 {[%emt 0:01:21]} 76. Bd1 {[%emt 0:00:06]} Kc6 {[%emt 0:00:28]} 77. Bb3 {[%emt 0:00:28]} Be7 {[%emt 0:00:51]} 78. Nd2 {[%emt 0:00:23]} Bd7 {[%emt 0:00:11]} 79. Bc4 {[%emt 0:00:48]} Kb6 {[%emt 0:01:01]} 80. Nb3 {[%emt 0:00:22]} Bb4 {[%emt 0:00:50]} 81. Ke2 {[%emt 0:00:34]} e5 {[%emt 0:00:16]} 82. fxe5 {[%emt 0:00:43]} fxe5 {[%emt 0:00:29]} 83. Kf2 {[%emt 0:01:58]} Bxa4 {[%emt 0:00:44]} 84. Bf7 {[%emt 0:00:06]} Bc3 {[%emt 0:01:11]} 85. Ke2 {[%emt 0:00:21]} Bd7 {[%emt 0:00:38]} 86. Bxg6 {[%emt 0:00:08]} Bg4+ {[%emt 0:00:10]} 87. Kf2 {[%emt 0:00:21]} Kb5 {[%emt 0:00:26]} 88. Bf7 {[%emt 0:01:19]} Kb4 {[%emt 0:00:27]} 89. Bd5 {[%emt 0:01:08]} Ka3 {[%emt 0:00:47]} 90. Nc5 {[%emt 0:00:08]} Bb4 {[%emt 0:00:46]} 91. Ne6 {[%emt 0:00:43]} Kb2 {[%emt 0:00:29]} 92. Ng5 {[%emt 0:00:08]} Kc2 {[%emt 0:00:11]} 93. Nf7 {[%emt 0:00:22]} Bf5 {[%emt 0:00:47]} 94. Nxe5 {[%emt 0:00:27]} Bd6 {[%emt 0:00:28]} 95. Nf7 {[%emt 0:01:08]} Bc7 {[%emt 0:00:28]} 96. Bf3 {[%emt 0:00:28]} Bg6 {[%emt 0:00:25]} 97. Ng5 {[%emt 0:00:26]} Kxd3 {[%emt 0:00:29]} 98. Ne6 {[%emt 0:00:28]} Be5 {[%emt 0:00:25]} 99. g4 {[%emt 0:00:34]} hxg4 {[%emt 0:00:15]} 100. Bxg4 {[%emt 0:00:02]} Kc2 {[%emt 0:00:22]} 101. Nxd4+ {[%emt 0:00:28]} Bxd4+ {[%emt 0:00:04]} 102. Kf3 {[%emt 0:00:03]} Kd3 {[%emt 0:00:07]} 103. Kf4 {[%emt 0:00:09]} Be8 {[%emt 0:00:21]} 104. h5 {[%emt 0:00:18]} Be3+ {[%emt 0:00:03]} 105. Ke5 {[%emt 0:00:05]} Bh6 {[%emt 0:00:06]} 106. Bd1 {[%emt 0:00:17]} Ke3 {[%emt 0:00:40] Ke4+} 1/2-1/2

[Event "FRA-chT Top 12 2019"]
[Site "Brest"]
[Date "2019.05.24"]
[Round "7.3"]
[White "Malakhov, Vladimir"]
[Black "Efimov, Igor"]
[Result "1-0"]
[WhiteElo "2660"]
[BlackElo "2439"]
[Annotator "TA"]
[PlyCount "41"]
[EventDate "2019.05.18"]
[EventType "team-tourn"]
[EventCountry "FRA"]
[SourceTitle "playchess.com"]
[Source "ChessBase"]
[SourceQuality "1"]

{[%evp 24,41,15,16,154,170,146,74,114,43,102,98,125,99,155,153,208,188,29996,29997]} 1. Nf3 e6 2. c4 d5 3. e3 c6 4. b3 Nf6 5. Bb2 Nbd7 6. d4 b6 7. Bd3 Bb7 8. O-O Be7 9. Nc3 Rc8 10. Qe2 Qc7 11. Rad1 O-O 12. e4 dxe4 13. Nxe4 {[#]} Rfd8 $146 {D46: Semi-Slav: 5 e3 Nbd7 6 Bd3, Black avoids the Meran} (13... Rfe8 $11 {keeps the balance.}) ({Predecessor:} 13... c5 14. dxc5 bxc5 15. Neg5 h6 16. Nxe6 Bxf3 17. gxf3 fxe6 18. Qxe6+ Kh8 19. Bf5 Nb8 20. Be5 Qb7 21. Be4 Nc6 22. Rfe1 Rfe8 23. Qf7 Rf8 24. Qe6 Rfe8 25. Qf7 Rf8 26. Qe6 {½-½ (26) Shimanov,A (2642)-Ramirez Alvarez,A (2550) Saint Louis 2017}) 14. Neg5 $1 $16 {[%cal Rg5f7] Black must now prevent Nxf7!} Rf8 {[#]} 15. Bb1 (15. Nxe6 $142 $1 fxe6 16. Qxe6+ {[%mdl 64] Double Attack} Rf7 17. Ng5 {[%mdl 64] Pin}) 15... Bd6 {White is better.} 16. g3 (16. Rfe1 $16) 16... g6 (16... h6 $14 17. c5 hxg5) 17. Ne5 Rce8 18. h4 c5 (18... Be7 $142) 19. Nxd7 Nxd7 {[#]} (19... Qxd7 $16 {might work better.} 20. dxc5 {[%mdl 64] Discovered Attack} Qc6) 20. d5 $1 $18 {White wants to mate with Qh5!} exd5 $2 {[#]} (20... Re7 $18) 21. Qh5 $1 {[%mdl 512] Accuracy: White = 52%, Black = 18%.} 1-0